<?xml version="1.0" encoding="UTF-8"?>
<record
    xmlns:xsi="http://www.w3.org/2001/XMLSchema-instance"
    xsi:schemaLocation="http://www.loc.gov/MARC21/slim http://www.loc.gov/standards/marcxml/schema/MARC21slim.xsd"
    xmlns="http://www.loc.gov/MARC21/slim">

  <leader>02002nam a2200481 i 4500</leader>
  <controlfield tag="001">0006599302</controlfield>
  <controlfield tag="003">OSt</controlfield>
  <controlfield tag="005">20260314114258.0</controlfield>
  <controlfield tag="006">m        d        </controlfield>
  <controlfield tag="007">cr |n|</controlfield>
  <controlfield tag="008">210721t20192019fr      o     000 f fre  </controlfield>
  <datafield tag="020" ind1=" " ind2=" ">
    <subfield code="a">9782258191914</subfield>
    <subfield code="q">(ePub)</subfield>
  </datafield>
  <datafield tag="020" ind1=" " ind2=" ">
    <subfield code="z">9782258191686</subfield>
    <subfield code="q">(broch&#xEF;&#xBF;&#xBD;)</subfield>
  </datafield>
  <datafield tag="040" ind1=" " ind2=" ">
    <subfield code="a">QMBND</subfield>
    <subfield code="b">fre</subfield>
    <subfield code="e">rda</subfield>
    <subfield code="c">QMBND</subfield>
  </datafield>
  <datafield tag="041" ind1="1" ind2=" ">
    <subfield code="a">fre</subfield>
    <subfield code="h">eng</subfield>
  </datafield>
  <datafield tag="082" ind1=" " ind2="5">
    <subfield code="a">818.54</subfield>
    <subfield code="2">23</subfield>
  </datafield>
  <datafield tag="082" ind1=" " ind2="5">
    <subfield code="a">S 8137pqp</subfield>
    <subfield code="2">23</subfield>
  </datafield>
  <datafield tag="100" ind1="1" ind2=" ">
    <subfield code="a">Steel, Danielle</subfield>
    <subfield code="e">auteur</subfield>
  </datafield>
  <datafield tag="240" ind1="1" ind2="0">
    <subfield code="a">Past perfect.</subfield>
    <subfield code="l">Fran&#xEF;&#xBF;&#xBD;ais</subfield>
  </datafield>
  <datafield tag="245" ind1="1" ind2="0">
    <subfield code="a">Plus que parfait :</subfield>
    <subfield code="b">roman /</subfield>
    <subfield code="c">Danielle Steel ; traduit de l'anglais (&#xC9;tats-Unis) par Francine Deroyan.</subfield>
  </datafield>
  <datafield tag="264" ind1=" " ind2="1">
    <subfield code="a">Paris :</subfield>
    <subfield code="b">Presse de la Cit&#xEF;&#xBF;&#xBD;,</subfield>
    <subfield code="c">[2019]</subfield>
  </datafield>
  <datafield tag="264" ind1=" " ind2="4">
    <subfield code="c">&#xEF;&#xBF;&#xBD;2019</subfield>
  </datafield>
  <datafield tag="300" ind1=" " ind2=" ">
    <subfield code="a">1 ressource en ligne (329 pages)</subfield>
  </datafield>
  <datafield tag="336" ind1=" " ind2=" ">
    <subfield code="a">texte</subfield>
    <subfield code="b">txt</subfield>
    <subfield code="2">rdacontent</subfield>
  </datafield>
  <datafield tag="337" ind1=" " ind2=" ">
    <subfield code="a">informatique</subfield>
    <subfield code="b">c</subfield>
    <subfield code="2">rdamedia</subfield>
  </datafield>
  <datafield tag="338" ind1=" " ind2=" ">
    <subfield code="a">ressource en ligne</subfield>
    <subfield code="b">cr</subfield>
    <subfield code="2">rdacarrier</subfield>
  </datafield>
  <datafield tag="500" ind1=" " ind2=" ">
    <subfield code="a">&#xEF;&#xBF;&#xBD;dition de langue anglaise &#xEF;&#xBF;&#xBD;2017.</subfield>
  </datafield>
  <datafield tag="588" ind1=" " ind2=" ">
    <subfield code="a">Description d'apr&#xEF;&#xBF;&#xBD;s la notice de la version imprim&#xEF;&#xBF;&#xBD;e</subfield>
  </datafield>
  <datafield tag="650" ind1=" " ind2="6">
    <subfield code="a">Familles</subfield>
    <subfield code="v">Romans, nouvelles, etc.</subfield>
  </datafield>
  <datafield tag="650" ind1=" " ind2="6">
    <subfield code="a">Apparitions</subfield>
    <subfield code="v">Romans, nouvelles, etc.</subfield>
  </datafield>
  <datafield tag="650" ind1=" " ind2="6">
    <subfield code="a">D&#xEF;&#xBF;&#xBD;m&#xEF;&#xBF;&#xBD;nagement</subfield>
    <subfield code="v">Romans, nouvelles, etc.</subfield>
  </datafield>
  <datafield tag="650" ind1=" " ind2="6">
    <subfield code="a">Riches</subfield>
    <subfield code="v">Romans, nouvelles, etc.</subfield>
  </datafield>
  <datafield tag="650" ind1=" " ind2="6">
    <subfield code="a">Logement partag&#xEF;&#xBF;&#xBD;</subfield>
    <subfield code="v">Romans, nouvelles, etc.</subfield>
  </datafield>
  <datafield tag="651" ind1=" " ind2="6">
    <subfield code="a">San Francisco (Calif.)</subfield>
    <subfield code="v">Romans, nouvelles, etc.</subfield>
  </datafield>
  <datafield tag="655" ind1=" " ind2="7">
    <subfield code="a">Romans fantastiques</subfield>
    <subfield code="2">rvmgf</subfield>
  </datafield>
  <datafield tag="655" ind1=" " ind2="7">
    <subfield code="a">Romans am&#xEF;&#xBF;&#xBD;ricains</subfield>
    <subfield code="y">21e si&#xEF;&#xBF;&#xBD;cle</subfield>
    <subfield code="2">local</subfield>
  </datafield>
  <datafield tag="655" ind1=" " ind2="7">
    <subfield code="a">Livres num&#xEF;&#xBF;&#xBD;riques</subfield>
    <subfield code="2">rvmgf</subfield>
  </datafield>
  <datafield tag="700" ind1="1" ind2="2">
    <subfield code="i">Traduction de (oeuvre) :</subfield>
    <subfield code="a">Steel, Danielle</subfield>
    <subfield code="t">Past perfect</subfield>
  </datafield>
  <datafield tag="700" ind1="1" ind2=" ">
    <subfield code="a">Deroyan, Francine</subfield>
    <subfield code="e">traducteur</subfield>
  </datafield>
  <datafield tag="776" ind1="0" ind2="8">
    <subfield code="i">Version imprim&#xEF;&#xBF;&#xBD;e :</subfield>
    <subfield code="a">Steel, Danielle</subfield>
    <subfield code="s">Past perfect. Fran&#xEF;&#xBF;&#xBD;ais</subfield>
    <subfield code="t">Plus que parfait</subfield>
    <subfield code="d">Paris : Presse de la Cit&#xEF;&#xBF;&#xBD;, [2019]</subfield>
    <subfield code="h">329 pages ; 23 cm.</subfield>
    <subfield code="z">9782258191686</subfield>
    <subfield code="w">(CaQMBND)0006245468</subfield>
  </datafield>
  <datafield tag="856" ind1="4" ind2="0">
    <subfield code="z">Acc&#xEF;&#xBF;&#xBD;s par PRETNUMERIQUE.CA (format ePub)</subfield>
    <subfield code="u">https://banq.pretnumerique.ca/accueil/isbn/9782258191914</subfield>
  </datafield>
  <datafield tag="942" ind1=" " ind2=" ">
    <subfield code="2">ddc</subfield>
    <subfield code="c">ROM ADULTE</subfield>
  </datafield>
  <datafield tag="999" ind1=" " ind2=" ">
    <subfield code="c">18790</subfield>
    <subfield code="d">18790</subfield>
  </datafield>
  <datafield tag="952" ind1=" " ind2=" ">
    <subfield code="0">0</subfield>
    <subfield code="1">0</subfield>
    <subfield code="2">ddc</subfield>
    <subfield code="4">0</subfield>
    <subfield code="7">0</subfield>
    <subfield code="a">HENRYVILLE</subfield>
    <subfield code="b">HENRYVILLE</subfield>
    <subfield code="d">2026-03-14</subfield>
    <subfield code="l">0</subfield>
    <subfield code="o">S 8137pqp</subfield>
    <subfield code="p">30001030052288</subfield>
    <subfield code="r">2026-03-14 11:43:17</subfield>
    <subfield code="w">2026-03-14</subfield>
    <subfield code="y">ROM ADULTE</subfield>
  </datafield>
</record>
